Lecciones de derecho procesal : tomo 1. (Record no. 1677)
[ view plain ]
| 000 -LEADER | |
|---|---|
| campo de control de longitud fija | 01396nam a22002657a 4500 |
| 003 - IDENTIFICADOR DE NÚMERO DE CONTROL | |
| campo de control | CoMeUDC |
| 005 - FECHA Y HORA DE LA ÚLTIMA TRANSACCIÓN | |
| campo de control | 20230419151439.0 |
| 008 - DATOS DE LONGITUD FIJA--INFORMACIÓN GENERAL | |
| campo de control de longitud fija | 230419b ||||| |||| 00| 0 eng d |
| 020 ## - NÚMERO INTERNACIONAL ESTÁNDAR DEL LIBRO | |
| Número Internacional Estándar del Libro | 9789585696518 Tomo 1. |
| 040 ## - FUENTE DE CATALOGACIÓN | |
| Centro/agencia transcriptor | CO-UdeC |
| Normas de descripción | AARC |
| -- | ISBD |
| 082 ## - NÚMERO DE LA CLASIFICACIÓN DECIMAL DEWEY | |
| Número de clasificación | 345.7 |
| Número de ítem | R741 |
| 100 ## - ENTRADA PRINCIPAL--NOMBRE DE PERSONA | |
| 9 (RLIN) | 2325 |
| Nombre de persona | Rojas Gómez, Miguel Enrique |
| 245 ## - MENCIÓN DEL TÍTULO | |
| Título | Lecciones de derecho procesal : tomo 1. |
| Resto del título | teoría del proceso / |
| Mención de responsabilidad, etc. | Miguel Enrique Rojas Gómez. |
| 250 ## - MENCION DE EDICION | |
| Mención de edición | Quinta edición |
| 260 ## - PUBLICACIÓN, DISTRIBUCIÓN, ETC. | |
| Lugar de publicación, distribución, etc. | Bogotá : |
| Nombre del editor, distribuidor, etc. | Esaju, |
| Fecha de publicación, distribución, etc. | 2019. |
| 300 ## - DESCRIPCIÓN FÍSICA | |
| Extensión | 423 p. ; |
| Dimensiones | 24 cm. |
| 504 ## - NOTA DE BIBLIOGRAFÍA, ETC. | |
| Nota de bibliografía, etc. Nota | Incluye bibliografía |
| 505 ## - NOTA DE CONTENIDO CON FORMATO | |
| Nota de contenido con formato | Nociones preliminares -- El derecho procesal y el imperio del orden jurídico -- La jurisdicción -- Derecho de acción -- Derecho de contradicción -- Interés para obrar y legitimación de la causa -- El proceso -- Garantías procesales fundamentales -- Las decisiones judiciales -- Convocatoria de los interesados al proceso y comunicación de las decisiones judiciales -- La impugnación -- La competencia -- Medidas cautelares -- Lección catorce -- Fuentes del derecho procesal -- Sistemas o modelos procesales -- Las familias procesales -- Reflexiones en torno a la justicia judicial colombiana |
| 546 ## - NOTA DE IDIOMA | |
| Nota de lengua/lenguaje | Español |
| 650 #0 - PUNTO DE ACCESO ADICIONAL DE MATERIA--TÉRMINO DE MATERIA | |
| 9 (RLIN) | 1106 |
| Término de materia o nombre geográfico como elemento de entrada | Derecho procesal. |
| 650 #0 - PUNTO DE ACCESO ADICIONAL DE MATERIA--TÉRMINO DE MATERIA | |
| 9 (RLIN) | 2326 |
| Término de materia o nombre geográfico como elemento de entrada | Sistema judicial |
| Subdivisión geográfica | Colombia |
| 650 #0 - PUNTO DE ACCESO ADICIONAL DE MATERIA--TÉRMINO DE MATERIA | |
| 9 (RLIN) | 866 |
| Término de materia o nombre geográfico como elemento de entrada | Derecho civil |
| 650 #0 - PUNTO DE ACCESO ADICIONAL DE MATERIA--TÉRMINO DE MATERIA | |
| 9 (RLIN) | 1105 |
| Término de materia o nombre geográfico como elemento de entrada | Proceso civil. |
| 942 ## - ELEMENTOS DE ENTRADA SECUNDARIOS (KOHA) | |
| Fuente del sistema de clasificación o colocación | Clasificación Decimal Dewey |
| Tipo de ítem Koha | Libros |
| Estatus retirado | Estado de pérdida | Fuente del sistema de clasificación o colocación | Estado de daño | No para préstamo | Colección | Biblioteca de origen | Biblioteca actual | Fecha de adquisición | Fuente de adquisición | Signatura topográfica completa | Código de barras | Visto por última vez | Copia número | Precio de reemplazo | Tipo de ítem Koha |
|---|---|---|---|---|---|---|---|---|---|---|---|---|---|---|---|
| Clasificación Decimal Dewey | Colección general | U DE COLOMBIA - Biblioteca | U DE COLOMBIA - Biblioteca | 19/04/2023 | compra 2023 | 345.7 R741 Vol. 1 | 100396 | 17/11/2023 | 1 | 19/04/2023 | Libros |
